Betónové konštrukcie : Návody na cvičenia /

Guardado en:
Detalles Bibliográficos
Autores principales: Majdúch, Dušan (Autor), Hudoba, Igor, 1946- (Autor)
Formato: Libro
Lenguaje:eslovaco
Publicado: Bratislava : STU v Bratislave, 1995
Edición:2.vyd.
Etiquetas: Agregar Etiqueta
Sin Etiquetas, Sea el primero en etiquetar este registro!

MARC

LEADER 00000nam a22000003a 4500
001 stu28633
005 20150617225740.5
008 950407s1995----xo------------------slo-d
020 |a 80-227-0741-4 
040 |a STU  |b slo 
041 0 |a slo 
044 |a xo 
080 |a 624.012.3/.4  |7 stu_us_auth*stu4207 
100 1 |a Majdúch, Dušan  |4 aut 
245 1 |a Betónové konštrukcie :  |b Návody na cvičenia /  |c [aut]Majdúch,Dušan;Hudoba,Igor 
250 |a 2.vyd. 
260 |a Bratislava :  |b STU v Bratislave,  |c 1995 
300 |a 289 s 
700 1 |a Hudoba, Igor,  |d 1946-  |4 aut  |u V110  |U SvF Stavebná fakulta  |T SvF Katedra betónových konštrukcií a mostov  |X 896  |U V110  |Y 11  |7 A000000896 
996 |b 284V029198  |c V*35161/S-95  |l VVT  |s A  |a 24  |w stu28633_0002 
996 |b 284V004679  |c V*35162/S-95  |l VVS  |s A  |a 24  |w stu28633_0003 
996 |b 284V004680  |c V*35163/S-95  |l VVS  |s A  |a 24  |w stu28633_0004